000
00281nam a22001337a 4500
003
SGT
082
_a
343.087
_b
GOE
100
_a
GOEL HEMANT
245
_a
INTERNATIONAL TRADE LAW
250
_a
1
260
_a
FARIDABAD
_b
NEW ERA LAW PUB.
_c
2004
300
_a
198
942
_2
ddc
_c
BK
999
_c
25547
_d
25547